LEADER 03959nam 22004933 450 001 9911069705703321 005 20250704120730.0 010 $a9789587325720 010 $a9587325729 035 $a(CKB)27997280600041 035 $a(MiAaPQ)EBC30737881 035 $a(Au-PeEL)EBL30737881 035 $a(NjHacI)9927997280600041 035 $a(OCoLC)1397574058 035 $a(Perlego)4211707 035 $a(NyNyDIG)DIGUCAUCA0137 035 $a(EXLCZ)9927997280600041 100 $a20230913d2022 uy 0 101 0 $aspa 135 $aurcnu|||||||| 181 $ctxt$2rdacontent 182 $cc$2rdamedia 183 $acr$2rdacarrier 200 10$aDesde Las Grietas Del 83 205 $a1st ed. 210 1$aBogota :$cUniversidad del Cauca,$d2022. 210 4$d©2022. 215 $a1 online resource (204 pages) 311 08$a9789587325713 327 $aFront Matter(pp. 1-6) -- Table of Contents(pp. 7-12) -- Agradecimientos(pp. 13-14) -- La otra historia: las mujeres en la reconstruccio?n de Popaya?n(pp. 15-18) -- La grieta en la ciudad de las mujeres(pp. 19-22) -- Presentacio?n(pp. 23-36) -- Parte 1 Pensar desde las voces silenciadas -- Parte 2 Las grietas -- Mover los escombros para encontrar la memoria(pp. 73-76) -- ”Histo?ricas!(pp. 77-78) -- Conversaciones en Avelino Ul - El sismo(pp. 79-88) -- Olor a tragedia(pp. 89-96) -- 'Guachimaniar'Modista en dilemas(pp. 103-106) para proteger el asentamiento(pp. 97-102) -- Modista en dilemas(pp. 103-106) -- Primera profesora en Berli?n(pp. 107-114) -- Conversaciones en Avelino Ul - Toma de predios(pp. 115-126) -- Dispense usted, don?a Helena(pp. 127-128) -- Las madres solteras(pp. 129-136) -- Avanza solucio?n de vivienda para el "Comite? de Madres Solteras"(pp. 137-140) -- Avanza programa de vivienda para Club de Madres Solteras(pp. 141-142) -- Madres solteras buscan vivienda. Almorzaron con la alcaldesa el martes(pp. 143-144) -- Sen?ora de Betancur y madres solteras(pp. 145-146) -- Sen?or mo?dulo G(pp. 147-150) -- Conversaciones en Avelino Ul - Autoconstruccio?n(pp. 151-162) -- ”Sen?or presidente Betancur!(pp. 163-168) -- 'Lucha' firme(pp. 169-190) -- Referencias(pp. 191-198) -- I?ndice anali?tico(pp. 199-203) -- Back Matter(pp. 204-204). 330 $aEn la man?ana del jueves 31 de marzo de 1983, Popaya?n fue sacudida por uno de los terremotos ma?s fuertes de su historia: 200 personas aproximadamente murieron, 1500 resultaron heridas, el 72% de las construcciones tradicionales sufrieron averi?as muy graves y una cuarta parte de los pobladores se quedo? sin hogar, segu?n reportes oficiales de la Unesco. En medio de estas circunstancias, las mujeres jugaron un papel fundamental. Tambie?n fueron ellas las que se tomaron las tierras, lucharon, marcharon, gritaron, resistieron, se enfrentaron a la fuerza pu?blica, cuidaron de sus hijos y su familia, sacaron arena de los ri?os, cargaron ladrillos, bultos de cemento, negociaron con autoridades locales y nacionales y aprendieron a construir sus propias casas ladrillo a ladrillo. Su historia, sin embargo, poco o nada se ha narrado. «Desde las grietas del 83. Luchas barriales femeninas», surge como una apuesta por visibilizar las contiendas y resistencias de las mujeres de los barrrios populares, que fueron parte importante en la reorganizacio?n urbana de Popaya?n en la de?cada de 1980. Es desde sus ojos que se aportara?n nuevas li?neas a la narracio?n histo?rica de la ciudad y al fortalecimiento de la memoria urbana popular. 606 $aUrban development 606 $aEarthquakes$xSocial aspects 615 0$aUrban development. 615 0$aEarthquakes$xSocial aspects. 676 $a307.1216 700 $aCo?rdoba$b Andre?s$g(Andre?s Alejandro),$01826762 801 0$bMiAaPQ 801 1$bMiAaPQ 801 2$bMiAaPQ 906 $aBOOK 912 $a9911069705703321 996 $aDesde Las Grietas Del 83$94552615 997 $aUNINA